Normal view
MARC view
- تراجم-الامام الشيرازي
Entry Topical Term
001 - CONTROL NUMBER
- control field: 18568
003 - CONTROL NUMBER IDENTIFIER
- control field: JO-AjAnu
005 - DATE AND TIME OF LATEST TRANSACTION
- control field: 20230606073247.0
008 - FIXED-LENGTH DATA ELEMENTS
- fixed length control field: 230606|| aca||aabn | a|a d
040 ## - CATALOGING SOURCE
- Original cataloging agency: JO-AjAnu
- Transcribing agency: JO-AjAnu
150 ## - HEADING--TOPICAL TERM
- Topical term or geographic name entry element: تراجم-الامام الشيرازي
670 ## - SOURCE DATA FOUND
- Source citation: Work cat.: (JO-AjAnu)9531: هيتو،محمد حسن, author 18567, الإمام الشيرازي حياته وآراؤه الأصولية